01073cam a2200301 a 45000010005000000030006000050050017000110080041000280100017000690200015000860200017001010400023001180500014001410820009001551000022001642450120001862600035003063000059003415050007004005200180004075210019005875210018006066500019006246500023006436500022006667000042006887000041007304563FISKH20250331113008.0970113s1997 nyua b 000 1 eng  a 97005035  a0590308599 a078073003990 aDLCcDLCdDLCbeng aPZ8.M127  a514 1 aMaccarone, Grace.10aMonster math school time /cby Grace Maccarone ; illustrated by Marge Hartelius ; math activities by Marilyn Burns. aNew York :bScholastic,c1997. a30 unnumbered pages : bcolor illustrations ; c23 cm  aE  aFrom the time they get up at seven in the morning until they go to bed at eight o'clock at night, monsters spend a busy day, especially at school. Includes related activities. a260 bLexile  aE bRaz-Plus  1aTimexFiction. 1aMonstersxFiction. 1aStories in rhyme.1 aHartelius, Margaret A.,eillustrator 1 aBurns, Marilyn,d1941-eIllustrator